000 00338nam a2200145Ia 4500
008 230718s9999 xx 000 0 und d
041 _aEng.
082 _a343.055
_bCIV-C
100 _aCivil law cases
245 0 _aCivil law cases
260 _aPakistan
_bPakistan Lahore digest
_c2018
300 _a626
650 _aLaw
999 _c32270
_d32270